000 00592nam a2200217Ia 4500
005 20250326144207.0
008 250326s9999 xx 000 0 und d
020 _a978-81-7829-780-4
037 _aTextbook
040 _aFMSL
_beng
_cFMSL
041 _aeng
_2eng
084 _aX9W P7
_qFMSL
100 _aBhargava Shivganesh
245 0 _aDevelopmental aspect of Entrepreneurship
_cBhargava Shivganesh
260 _aNew Delhi
_bNew Delhi, Respose books
_c2007
300 _a220p
365 _b450
650 _aNovel
942 _cTB
_hX9W P7
999 _c1302735
_d1302735